[Event "CAN op"]
[Site "Hamilton CAN"]
[Date "2022.07.15"]
[Round "7.28"]
[White "Li, Eric"]
[Black "Trofimov-Malyshkin, Valentyn"]
[Result "1-0"]
[WhiteElo "2165"]
[BlackElo "1717"]
[PlyCount "107"]
[EventDate "2022.07.12"]
[EventType "swiss"]
[EventRounds "9"]
[EventCountry "CAN"]

1. d4 Nf6 2. Nf3 g6 3. c4 Bg7 4. g3 O-O 5. Bg2 d6 6. O-O c5 7. d5 Bd7 8. Nc3
Na6 9. e4 Nc7 10. a4 b6 11. e5 Ng4 12. exd6 exd6 13. Bf4 Bf5 14. Re1 a6 15. h3
Nf6 16. g4 Bc8 17. Qd3 Rb8 18. Nd2 h5 19. g5 Bf5 20. Qg3 Nfe8 21. Nde4 Bxe4 22.
Nxe4 Bxb2 23. Nxd6 Nxd6 24. Bxd6 Rc8 25. Bxf8 Bxa1 26. Be7 Qd7 27. d6 Bd4 28.
dxc7 Rxc7 29. Bf6 Rc8 30. Re7 Qxa4 31. Bd5 Bxf6 32. gxf6 Qa1+ 33. Kg2 Qxf6 34.
Rxf7 Qg7 35. Rc7+ Kh7 36. Rxc8 Qd4 37. Rc7+ Kh6 38. Qe3+ Qxe3 39. fxe3 b5 40.
Rxc5 bxc4 41. h4 Kg7 42. Bxc4 Kf6 43. Kf3 Kg7 44. Kf4 a5 45. Kg5 a4 46. Rc7+
Kf8 47. Bb5 a3 48. Kf6 Kg8 49. Kxg6 Kf8 50. Kf6 Kg8 51. Bc4+ Kh8 52. Rc8+ Kh7
53. Bd3+ Kh6 54. Rh8# 1-0

[Event "CAN op"]
[Site "Hamilton CAN"]
[Date "2022.07.15"]
[Round "7.29"]
[White "Chychkevych, Bohdan"]
[Black "Xu, Daniel"]
[Result "0-1"]
[WhiteElo "1580"]
[BlackElo "2128"]
[PlyCount "56"]
[EventDate "2022.07.12"]
[EventType "swiss"]
[EventRounds "9"]
[EventCountry "CAN"]

1. d4 Nf6 2. c4 g6 3. Nc3 Bg7 4. e4 d6 5. Nf3 O-O 6. h3 e5 7. d5 Nh5 8. g3 a5
9. Be2 Na6 10. Be3 Nc5 11. Nd2 Nf6 12. g4 Ne8 13. Rg1 Kh8 14. Nb3 Nxb3 15. axb3
f5 16. gxf5 gxf5 17. exf5 Bxf5 18. Bd3 e4 19. Nxe4 Bxb2 20. Ng5 Qf6 21. Ra2
Bc3+ 22. Ke2 Ng7 23. Ne4 Bg4+ 24. Kf1 Bxd1 25. Nxf6 Rxf6 26. b4 Bb3 27. Re2
axb4 28. h4 Bd1 0-1

[Event "CAN op"]
[Site "Hamilton CAN"]
[Date "2022.07.15"]
[Round "7.30"]
[White "Drkulec, Vladimir"]
[Black "Ouellet, Maili-Jade"]
[Result "0-1"]
[WhiteElo "2020"]
[BlackElo "2361"]
[PlyCount "40"]
[EventDate "2022.07.12"]
[EventType "swiss"]
[EventRounds "9"]
[EventCountry "CAN"]

1. d4 d5 2. c4 e6 3. Nc3 c6 4. cxd5 exd5 5. Bf4 Nf6 6. e3 Bf5 7. Qb3 Qb6 8. Nf3
Na6 9. Be2 Nb4 10. Rc1 Nc2+ 11. Kd1 Nb4 12. Ne5 Ne4 13. Nxe4 Bxe4 14. f3 Bf5
15. Rc3 a5 16. Qa4 f6 17. Ng4 h5 18. e4 dxe4 19. Nf2 Qxd4+ 20. Ke1 Nd3+ 0-1

[Event "CAN op"]
[Site "Hamilton CAN"]
[Date "2022.07.15"]
[Round "7.31"]
[White "Hasku, Dashnor"]
[Black "Zhong, Kevin"]
[Result "1-0"]
[WhiteElo "1963"]
[BlackElo "2276"]
[PlyCount "59"]
[EventDate "2022.07.12"]
[EventType "swiss"]
[EventRounds "9"]
[EventCountry "CAN"]

1. e4 c5 2. Nf3 Nc6 3. Nc3 Nf6 4. e5 Ng4 5. Qe2 Qc7 6. Nd5 Qb8 7. d4 cxd4 8.
Bf4 e6 9. h3 exd5 10. hxg4 Bb4+ 11. Kd1 b6 12. Ng5 h6 13. Nxf7 O-O 14. Bg3 Rxf7
15. e6 Rf4 16. g5 hxg5 17. Qh5 dxe6 18. Bd3 Bb7 19. Bg6 Rh4 20. Rxh4 gxh4 21.
Bxb8 Rxb8 22. a3 Bd6 23. Bf7+ Kf8 24. Bxe6 Ne5 25. f4 g6 26. Qxh4 Kg7 27. fxe5
Bxe5 28. Qe7+ Kh6 29. Ke2 Ba6+ 30. Kf3 1-0

[Event "CAN op"]
[Site "Hamilton CAN"]
[Date "2022.07.15"]
[Round "7.32"]
[White "Saha, Ananda"]
[Black "Yuen, Noah Nathaniel"]
[Result "1-0"]
[WhiteElo "2240"]
[BlackElo "1954"]
[PlyCount "85"]
[EventDate "2022.07.12"]
[EventType "swiss"]
[EventRounds "9"]
[EventCountry "CAN"]

1. d4 Nf6 2. Bg5 d5 3. Bxf6 exf6 4. e3 Be7 5. c4 O-O 6. Nc3 dxc4 7. Bxc4 c6 8.
Nf3 Nd7 9. Qc2 Nb6 10. Bd3 g6 11. h4 Nd5 12. h5 Nb4 13. Qe2 Nxd3+ 14. Qxd3 Re8
15. hxg6 hxg6 16. O-O-O Kg7 17. Rh2 Rh8 18. Rdh1 Rxh2 19. Rxh2 Bd6 20. Rh4 Qa5
21. d5 cxd5 22. Qxd5 Qxd5 23. Nxd5 Be6 24. Nc3 Rc8 25. Kd2 a6 26. a3 Rd8 27.
Rd4 Be7 28. Rxd8 Bxd8 29. Nd4 Bd7 30. Nd5 f5 31. Kc3 Be6 32. Kc4 Kf8 33. Nxe6+
fxe6 34. Nf4 Kf7 35. Nd3 Kf6 36. a4 g5 37. Nc5 b5+ 38. axb5 axb5+ 39. Kxb5 Ke5
40. Kc6 f4 41. b4 fxe3 42. fxe3 g4 43. b5 1-0

[Event "CAN op"]
[Site "Hamilton CAN"]
[Date "2022.07.15"]
[Round "7.33"]
[White "Hua, Michelle"]
[Black "Huang, Youhe"]
[Result "0-1"]
[WhiteElo "1930"]
[BlackElo "2237"]
[PlyCount "126"]
[EventDate "2022.07.12"]
[EventType "swiss"]
[EventRounds "9"]
[EventCountry "CAN"]

1. d4 d5 2. Bf4 Nf6 3. e3 c5 4. c3 Nc6 5. Nd2 Bf5 6. Qb3 Qc8 7. Ngf3 e6 8. h3
h6 9. Ne5 Bd6 10. Ndf3 O-O 11. Bh2 Qc7 12. Bb5 Na5 13. Qd1 Qb6 14. Qe2 c4 15.
Ba4 Qa6 16. O-O b5 17. Bc2 Bxc2 18. Qxc2 Rab8 19. Nd2 b4 20. Rfb1 Rb6 21. e4
Rfb8 22. exd5 exd5 23. Bg3 Qb7 24. Qf5 Qc7 25. Bh4 bxc3 26. bxc3 Rxb1+ 27. Rxb1
Rxb1+ 28. Nxb1 Be7 29. Bxf6 Bxf6 30. Ng4 Qb6 31. Nxf6+ gxf6 32. Kh2 Qd6+ 33. g3
Qe6 34. Qc2 Nb7 35. Qc1 Kg7 36. Qc2 Nd6 37. Kg2 Qe1 38. f3 f5 39. a4 Kf6 40.
Nd2 f4 41. g4 Qg3+ 42. Kf1 Qxh3+ 43. Kf2 Qh2+ 44. Ke1 Kg7 45. Qb2 Qh4+ 46. Kd1
Qd8 47. Qb4 Qc7 48. Kc1 Kf6 49. Qb1 Qa5 50. Qc2 Kg7 51. Nb1 Qd8 52. Qe2 Qe8 53.
Qd2 Qe3 54. Qxe3 fxe3 55. Na3 f5 56. gxf5 h5 57. Nc2 Nxf5 58. Kd1 h4 59. Ke1
Kg6 60. Kf1 Kg5 61. Kg2 e2 62. Ne1 Kf4 63. Kh3 Ke3 0-1

[Event "CAN op"]
[Site "Hamilton CAN"]
[Date "2022.07.15"]
[Round "7.34"]
[White "Yang, Henry"]
[Black "Bluvshtein, Ilia"]
[Result "0-1"]
[WhiteElo "1863"]
[BlackElo "2220"]
[PlyCount "58"]
[EventDate "2022.07.12"]
[EventType "swiss"]
[EventRounds "9"]
[EventCountry "CAN"]

1. d4 Nf6 2. c4 g6 3. f3 d5 4. cxd5 Nxd5 5. e4 Nb6 6. Nc3 Bg7 7. Be3 O-O 8. Qd2
c6 9. e5 Nd5 10. Nxd5 Qxd5 11. Ne2 c5 12. Nc3 Qe6 13. f4 cxd4 14. Qxd4 Nc6 15.
Qc4 Rd8 16. Rd1 Rxd1+ 17. Kxd1 Qg4+ 18. Qe2 Qd7+ 19. Qd3 Qc7 20. Be2 Bf5 21.
Qc4 Be6 22. Qe4 Rd8+ 23. Kc1 Na5 24. Rd1 Rc8 25. Qa4 f6 26. exf6 Bxf6 27. Kb1
Bf5+ 28. Ka1 Qxc3 29. Bd4 Qc1+ 0-1

[Event "CAN op"]
[Site "Hamilton CAN"]
[Date "2022.07.15"]
[Round "7.35"]
[White "Bailey, Doug"]
[Black "Colvin, Andrew"]
[Result "1-0"]
[WhiteElo "2165"]
[BlackElo "1937"]
[PlyCount "135"]
[EventDate "2022.07.12"]
[EventType "swiss"]
[EventRounds "9"]
[EventCountry "CAN"]

1. e4 e6 2. d4 d5 3. Nc3 Nf6 4. e5 Nfd7 5. f4 c5 6. Nf3 Nc6 7. Ne2 Qb6 8. c3
cxd4 9. cxd4 Bb4+ 10. Bd2 O-O 11. Bxb4 Qxb4+ 12. Qd2 Qxd2+ 13. Kxd2 Nb6 14. b3
Bd7 15. Nc3 a6 16. Be2 Rac8 17. Rhc1 Rc7 18. Bd1 Rfc8 19. Ne2 Kf8 20. g4 Ke7
21. h4 Na7 22. Rxc7 Rxc7 23. Rc1 Rxc1 24. Kxc1 Nc6 25. Bc2 g6 26. Ng5 h6 27.
Nh7 Nb4 28. a4 a5 29. Nf6 Kf8 30. Ng1 Bc6 31. Nf3 Nd7 32. g5 h5 33. Ne1 b5 34.
axb5 Bxb5 35. Bd1 Nxf6 36. exf6 Nd3+ 37. Nxd3 Bxd3 38. Kd2 Bb5 39. Bf3 Bc6 40.
Be2 Ke8 41. Kc3 Kd7 42. Bd3 Ke8 43. Be2 Kd7 44. b4 axb4+ 45. Kxb4 Ke8 46. Bd1
Bd7 47. Bc2 Bc6 48. Kc5 Bd7 49. Bb3 Kf8 50. Bd1 Ke8 51. f5 exf5 52. Kxd5 Bb5
53. Kd6 Bd3 54. Ba4+ Kd8 55. Ke5 Bc4 56. Bc6 Ba2 57. Bf3 Bb3 58. Be2 Ba2 59.
Kd6 Bb3 60. d5 Ke8 61. Bf3 Ba2 62. Kc7 Bb3 63. d6 Ba4 64. Bb7 Bb5 65. Bc8 Ba4
66. d7+ Bxd7 67. Bxd7+ Kf8 68. Kd8 1-0

[Event "CAN op"]
[Site "Hamilton CAN"]
[Date "2022.07.15"]
[Round "7.36"]
[White "Demchenko, Kyrylo"]
[Black "Latreille, Etienne"]
[Result "1-0"]
[WhiteElo "2109"]
[BlackElo "1888"]
[PlyCount "71"]
[EventDate "2022.07.12"]
[EventType "swiss"]
[EventRounds "9"]
[EventCountry "CAN"]

1. e4 c5 2. Nc3 Nc6 3. f4 g6 4. Nf3 Bg7 5. g3 d6 6. Bg2 Nf6 7. O-O O-O 8. Kh1
Rb8 9. d3 b5 10. Ne2 b4 11. c3 bxc3 12. bxc3 Qa5 13. Qc2 Ba6 14. Be3 Rfc8 15.
Bh3 Rc7 16. Rfb1 Rcb7 17. Rxb7 Rxb7 18. Bc8 Rb8 19. Bxa6 Qxa6 20. h3 Qb7 21. g4
Qb2 22. Rc1 a5 23. Nd2 Qxc2 24. Rxc2 Nd7 25. Nc4 Nb6 26. Nxb6 Rxb6 27. d4 cxd4
28. cxd4 Rb1+ 29. Kg2 Na7 30. Rc7 Nb5 31. Rxe7 Kf8 32. Rb7 a4 33. e5 d5 34. f5
Rb2 35. Kf1 f6 36. Nc3 1-0

[Event "CAN op"]
[Site "Hamilton CAN"]
[Date "2022.07.15"]
[Round "7.37"]
[White "Zhang, Brian"]
[Black "Bui, Alan"]
[Result "0-1"]
[WhiteElo "1842"]
[BlackElo "2097"]
[PlyCount "102"]
[EventDate "2022.07.12"]
[EventType "swiss"]
[EventRounds "9"]
[EventCountry "CAN"]

1. e4 e5 2. Nf3 Nc6 3. Bb5 a6 4. Ba4 Nf6 5. O-O Be7 6. Re1 b5 7. Bb3 O-O 8. h3
Bb7 9. d3 d6 10. c3 Na5 11. Bc2 c5 12. Nbd2 Re8 13. Nf1 h6 14. Ng3 Bf8 15. Nf5
d5 16. Qe2 Qc8 17. g4 c4 18. Ng3 cxd3 19. Bxd3 Nc4 20. exd5 Bxd5 21. Bf5 Qc6
22. Nd2 Nxd2 23. Bxd2 Rad8 24. Be3 Bc4 25. Qc2 Bd5 26. Bd3 a5 27. a4 Bc4 28.
axb5 Bxb5 29. Bxb5 Qxb5 30. c4 Qc6 31. Red1 Ra8 32. Bd2 a4 33. Qc3 Rab8 34.
Rdc1 Rb3 35. Qc2 Bc5 36. Bc3 e4 37. Qe2 e3 38. f3 Nh7 39. Ne4 Nf8 40. Nxc5 Qxc5
41. Kh1 Ng6 42. Be1 Nf4 43. Qh2 Nd3 44. Rc2 Qc6 45. Qg2 Qb7 46. Bc3 Qc6 47. Be1
g5 48. Kg1 Nf4 49. Qg3 e2 50. Bd2 Rxf3 51. Qh2 Rxh3 0-1

[Event "CAN op"]
[Site "Hamilton CAN"]
[Date "2022.07.15"]
[Round "7.38"]
[White "Leonard, Anthony"]
[Black "Yang, Larry"]
[Result "1-0"]
[WhiteElo "2097"]
[BlackElo "1807"]
[PlyCount "75"]
[EventDate "2022.07.12"]
[EventType "swiss"]
[EventRounds "9"]
[EventCountry "CAN"]

1. e4 e5 2. Nf3 Nc6 3. Bc4 Bc5 4. c3 Nf6 5. d4 exd4 6. e5 d5 7. Bb5 Ne4 8. cxd4
Bb4+ 9. Nbd2 O-O 10. O-O Bg4 11. Qa4 Nxd2 12. Nxd2 Bxd2 13. Bxd2 Bd7 14. f4 a6
15. Bxc6 Bxc6 16. Qc2 Qh4 17. Rf3 g6 18. Rh3 Qg4 19. Rg3 Qh4 20. Rf1 f5 21. Rg5
Rae8 22. Rf3 Qh6 23. h4 Kf7 24. h5 Rg8 25. Bb4 Ke6 26. Rfg3 Kd7 27. Bc5 b6 28.
Bb4 a5 29. Ba3 Bb7 30. b4 axb4 31. Bxb4 Re6 32. Rc3 Bc6 33. Bd6 cxd6 34. Rxc6
dxe5 35. Rc7+ Ke8 36. Qa4+ Kf8 37. Qd7 Rg7 38. Rc8+ 1-0

[Event "CAN op"]
[Site "Hamilton CAN"]
[Date "2022.07.15"]
[Round "7.39"]
[White "Yang, Jingyun (Ryan)"]
[Black "Lu, Eddie"]
[Result "1-0"]
[WhiteElo "2141"]
[BlackElo "1739"]
[PlyCount "31"]
[EventDate "2022.07.12"]
[EventType "swiss"]
[EventRounds "9"]
[EventCountry "CAN"]

1. g3 d5 2. Nf3 Nc6 3. d4 Bf5 4. c3 e6 5. Bg2 h6 6. O-O Bd6 7. Nbd2 Nf6 8. Re1
O-O 9. Nh4 Bh7 10. e4 dxe4 11. Nxe4 Nxe4 12. Bxe4 Bxe4 13. Rxe4 e5 14. Nf5 Qf6
15. Qh5 Qg6 16. Qh3 1-0

[Event "CAN op"]
[Site "Hamilton CAN"]
[Date "2022.07.15"]
[Round "7.40"]
[White "Schneider, Mitchell"]
[Black "Ruelland, Geoffrey"]
[Result "1/2-1/2"]
[WhiteElo "1684"]
[BlackElo "2086"]
[PlyCount "72"]
[EventDate "2022.07.12"]
[EventType "swiss"]
[EventRounds "9"]
[EventCountry "CAN"]

1. d4 Nf6 2. c4 g6 3. Nc3 d5 4. cxd5 Nxd5 5. e4 Nxc3 6. bxc3 Bg7 7. Bc4 c5 8.
Ne2 Nc6 9. Be3 O-O 10. O-O b6 11. Bd5 Bb7 12. dxc5 Qc7 13. cxb6 axb6 14. Qb3 e6
15. Bxc6 Qxc6 16. f3 Ba6 17. Rfe1 Bc4 18. Qxb6 Qxb6 19. Bxb6 Rfb8 20. Bd4 e5
21. Bc5 Rb2 22. Ng3 Raxa2 23. Rxa2 Rxa2 24. Nf1 Bh6 25. Ne3 Bxe3+ 26. Bxe3 Rc2
27. Rc1 Rxc1+ 28. Bxc1 f6 29. Kf2 Kf7 30. h4 Ke6 31. Ke3 Kf7 32. g3 Ke6 33. Ba3
Bf1 34. f4 Bc4 35. Kd2 Bf1 36. Ke3 Bc4 1/2-1/2

[Event "CAN op"]
[Site "Hamilton CAN"]
[Date "2022.07.15"]
[Round "7.41"]
[White "Egorov, Mikhail"]
[Black "Katrib, Jordan"]
[Result "0-1"]
[WhiteElo "2055"]
[BlackElo "1344"]
[PlyCount "86"]
[EventDate "2022.07.12"]
[EventType "swiss"]
[EventRounds "9"]
[EventCountry "CAN"]

1. e4 c5 2. Nc3 Nc6 3. f4 e5 4. Bc4 d6 5. Nf3 Nf6 6. h3 Be7 7. O-O a6 8. a4 O-O
9. f5 Nb4 10. d3 Re8 11. Ng5 d5 12. exd5 Rf8 13. Qe2 Ne8 14. Nge4 Nf6 15. Nxf6+
Bxf6 16. Kh1 b6 17. Ne4 Bb7 18. Nxf6+ Qxf6 19. Qh5 h6 20. h4 Nxd5 21. Bg5 hxg5
22. hxg5 Qc6 23. Bxd5 Qxd5 24. Rf3 f6 25. g6 Rfe8 26. c4 Qc6 27. Rg1 Rac8 28.
Rh3 Kf8 29. Qh8+ Ke7 30. Qxg7+ Kd8 31. Qh6 Kc7 32. g7 Kb8 33. Qg6 Rg8 34. Rh7
Ka7 35. Re1 Rc7 36. Re3 Qd7 37. Rg3 Qf7 38. Qh6 e4 39. Rg6 exd3 40. Rxf6 Qxc4
41. Rf8 d2 42. Qxd2 Rgxg7 43. Rhh8 Qf1+ 0-1

[Event "CAN op"]
[Site "Hamilton CAN"]
[Date "2022.07.15"]
[Round "7.42"]
[White "Liu, Henry"]
[Black "Nicholson, Devin"]
[Result "1-0"]
[WhiteElo "2041"]
[BlackElo "1545"]
[PlyCount "99"]
[EventDate "2022.07.12"]
[EventType "swiss"]
[EventRounds "9"]
[EventCountry "CAN"]

1. d4 Nf6 2. Bf4 d5 3. Nf3 c5 4. e3 Nc6 5. c3 Qb6 6. Qb3 c4 7. Qc2 g6 8. Nbd2
Bf5 9. Qc1 Nh5 10. Bg3 Nxg3 11. hxg3 Bg7 12. Nh4 Bg4 13. b3 cxb3 14. axb3 O-O
15. Nhf3 e5 16. Be2 e4 17. Ng1 Be6 18. Nh3 Rac8 19. Qa3 Bxh3 20. gxh3 h5 21. h4
f5 22. Qd6 Kh7 23. Qxd5 Ne7 24. Qd7 Rc7 25. Qa4 Rxc3 26. Qxa7 Qxa7 27. Rxa7
Rc1+ 28. Bd1 Nd5 29. Nc4 b5 30. Kd2 Rxd1+ 31. Rxd1 bxc4 32. bxc4 Nb6 33. c5 Nd5
34. Rb1 Kh8 35. Rbb7 Bf6 36. Rd7 Nb4 37. Kc3 Nd3 38. Rf7 Kg8 39. Rxf8+ Kxf8 40.
c6 Bd8 41. c7 Bxc7 42. Rxc7 Nxf2 43. d5 Nh1 44. d6 Ke8 45. Rg7 Nxg3 46. Rxg6 f4
47. exf4 Nf5 48. Rf6 Nxh4 49. Kd4 Ng2 50. Kxe4 1-0

[Event "CAN op"]
[Site "Hamilton CAN"]
[Date "2022.07.15"]
[Round "7.43"]
[White "Hossain, Azher"]
[Black "Campbell, Brett"]
[Result "1-0"]
[WhiteElo "1424"]
[BlackElo "2189"]
[PlyCount "63"]
[EventDate "2022.07.12"]
[EventType "swiss"]
[EventRounds "9"]
[EventCountry "CAN"]

1. d4 Nf6 2. c4 g6 3. Nf3 Bg7 4. g3 O-O 5. Bg2 d6 6. O-O Nbd7 7. Nc3 e5 8. e4
c6 9. h3 a5 10. b3 Re8 11. Be3 exd4 12. Nxd4 Nc5 13. Qc2 Qe7 14. Rfe1 Nfd7 15.
Rad1 Nf8 16. Qd2 Nfd7 17. Nde2 Bf8 18. Bf4 Ne5 19. Qc2 f5 20. Nd4 fxe4 21. Nxe4
Nxe4 22. Rxe4 Qf6 23. Qe2 Bg7 24. Re1 Bd7 25. c5 Nf7 26. Rxe8+ Rxe8 27. Qxe8+
Bxe8 28. Rxe8+ Bf8 29. Ne6 h6 30. cxd6 g5 31. Rxf8+ Kh7 32. Be4+ 1-0

[Event "CAN op"]
[Site "Hamilton CAN"]
[Date "2022.07.15"]
[Round "7.44"]
[White "Buscar, Michael"]
[Black "Jizan, Masoud"]
[Result "1-0"]
[WhiteElo "2223"]
[BlackElo "1694"]
[PlyCount "81"]
[EventDate "2022.07.12"]
[EventType "swiss"]
[EventRounds "9"]
[EventCountry "CAN"]

1. c4 c5 2. Nf3 d6 3. g3 Nf6 4. Bg2 g6 5. O-O Bg7 6. d3 O-O 7. Nc3 Nc6 8. Rb1
a6 9. a3 Rb8 10. Ne1 e6 11. b4 Ng4 12. Bd2 f5 13. bxc5 Qc7 14. cxd6 Qxd6 15.
Nc2 Qc7 16. Qc1 Ne7 17. Nd1 e5 18. Nde3 Nf6 19. Nb4 Be6 20. Nbd5 Nexd5 21. Nxd5
Nxd5 22. cxd5 Qxc1 23. Rfxc1 Bd7 24. Rc7 Rfd8 25. Rbxb7 Rxb7 26. Rxb7 Bb5 27.
Ba5 Rd7 28. Rxd7 Bxd7 29. Bc3 Kf7 30. f4 exf4 31. Bxg7 Kxg7 32. gxf4 Bb5 33.
Kf2 Kf6 34. Ke3 Ke7 35. Kd4 Kd6 36. h4 Bd7 37. e4 fxe4 38. dxe4 Bb5 39. e5+ Kc7
40. Be4 Bd7 41. Kc5 1-0

[Event "CAN op"]
[Site "Hamilton CAN"]
[Date "2022.07.15"]
[Round "7.45"]
[White "Chhatralia, Bhavik"]
[Black "Dorn, Paris"]
[Result "0-1"]
[WhiteElo "1683"]
[BlackElo "2175"]
[PlyCount "66"]
[EventDate "2022.07.12"]
[EventType "swiss"]
[EventRounds "9"]
[EventCountry "CAN"]

1. e4 e6 2. Nf3 d5 3. exd5 exd5 4. d4 Bd6 5. Nc3 Nf6 6. Bd3 O-O 7. O-O Bg4 8.
h3 Bh5 9. Bg5 c6 10. Re1 Nbd7 11. Bf5 Qb6 12. Qd3 Bxf3 13. gxf3 Qc7 14. Kh1 h6
15. Bd2 Rfe8 16. Rg1 Kh8 17. Rg2 Nh5 18. Rag1 Ndf6 19. Ne2 Re7 20. Bg4 Nf4 21.
Bxf4 Bxf4 22. Ng3 g6 23. h4 Rae8 24. h5 Bxg3 25. Rxg3 g5 26. Qf5 Qf4 27. Qd3
Re2 28. R3g2 Rd2 29. Qb3 Ree2 30. Rf1 Kg7 31. Rfg1 Rxc2 32. Qxb7 Nxg4 33. fxg4
Rxf2 0-1

[Event "CAN op"]
[Site "Hamilton CAN"]
[Date "2022.07.15"]
[Round "7.46"]
[White "Zhang, Raymond Tangning"]
[Black "Ajith, Aayush"]
[Result "0-1"]
[WhiteElo "1682"]
[BlackElo "2122"]
[PlyCount "82"]
[EventDate "2022.07.12"]
[EventType "swiss"]
[EventRounds "9"]
[EventCountry "CAN"]

1. d4 Nf6 2. Nf3 e6 3. Bf4 d5 4. e3 Bd6 5. Bg3 c5 6. c3 Nc6 7. Nbd2 O-O 8. Bd3
b6 9. Qe2 Bb7 10. e4 dxe4 11. Nxe4 Be7 12. dxc5 bxc5 13. Rd1 Qb6 14. Nxf6+ Bxf6
15. Bh4 Bxh4 16. Nxh4 g6 17. O-O e5 18. Nf3 Rae8 19. Bc4 Na5 20. Bd5 e4 21. Ng5
Re7 22. Bxb7 Qxb7 23. b3 Rfe8 24. Rd6 Re5 25. Qg4 f5 26. Qh4 e3 27. fxe3 Rxe3
28. Rfd1 Re2 29. Nf3 R2e7 30. b4 Re4 31. Qh6 cxb4 32. Rd7 Qb6+ 33. Kf1 R4e7 34.
Rxe7 Rxe7 35. cxb4 Nc4 36. Rd4 Ne3+ 37. Kg1 Nc2 38. Qg5 Nxd4 39. Qxe7 Nxf3+ 40.
Kf1 Qg1+ 41. Ke2 Qe1+ 0-1

[Event "CAN op"]
[Site "Hamilton CAN"]
[Date "2022.07.15"]
[Round "7.47"]
[White "Eiserloh, Clement"]
[Black "Xu, Eddie"]
[Result "0-1"]
[WhiteElo "1678"]
[BlackElo "2088"]
[PlyCount "58"]
[EventDate "2022.07.12"]
[EventType "swiss"]
[EventRounds "9"]
[EventCountry "CAN"]

1. e4 e5 2. Nf3 Nc6 3. Bb5 a6 4. Ba4 Nf6 5. O-O Be7 6. Re1 b5 7. Bb3 d6 8. c3
O-O 9. h3 Bb7 10. d4 Re8 11. Nbd2 Bf8 12. Bc2 h6 13. Nf1 exd4 14. cxd4 Nb4 15.
d5 Nxc2 16. Qxc2 Rc8 17. Bf4 c6 18. dxc6 Bxc6 19. Qb3 Nxe4 20. Rad1 Qf6 21. Be3
Nc5 22. Bxc5 dxc5 23. N3h2 c4 24. Qc2 Bc5 25. Ng4 Qg5 26. Rxe8+ Rxe8 27. b3 f5
28. Nge3 f4 29. Ng4 h5 0-1

[Event "CAN op"]
[Site "Hamilton CAN"]
[Date "2022.07.15"]
[Round "7.48"]
[White "Jiang, David"]
[Black "Fradkin, Benjamin"]
[Result "0-1"]
[WhiteElo "1678"]
[BlackElo "2076"]
[PlyCount "136"]
[EventDate "2022.07.12"]
[EventType "swiss"]
[EventRounds "9"]
[EventCountry "CAN"]

1. d4 c6 2. c4 d5 3. Nc3 Nf6 4. Nf3 g6 5. Bf4 Bg7 6. e3 O-O 7. Bd3 Nbd7 8. O-O
dxc4 9. Bxc4 Nb6 10. Bd3 Bg4 11. h3 Bxf3 12. Qxf3 Nbd5 13. Be5 Qa5 14. Rfc1
Rfd8 15. a3 Nxc3 16. bxc3 Nd5 17. Bxg7 Kxg7 18. c4 Nf6 19. Qf4 Rac8 20. Rd1 Re8
21. Be2 e5 22. dxe5 Rxe5 23. Qd4 Qc5 24. Qxc5 Rxc5 25. f3 Rc7 26. Rab1 Nd7 27.
Kf2 Ra5 28. Rb3 Nc5 29. Rc3 Rd7 30. Rxd7 Nxd7 31. e4 g5 32. Ke3 Nc5 33. g3 Ne6
34. f4 gxf4+ 35. gxf4 c5 36. e5 Nd4 37. Bd3 f5 38. exf6+ Kxf6 39. Bxh7 Ra6 40.
Kf2 Rb6 41. Bd3 Rb2+ 42. Kg3 Rd2 43. h4 Re2 44. h5 Re3+ 45. Kg4 Nf5 46. h6
Nxh6+ 47. Kh4 Nf5+ 48. Kg4 Rg3+ 49. Kh5 b6 50. Rb3 Nd4 51. Rc3 Ne2 52. Kh4 Re3
53. Rc2 Nd4 54. Rc3 a5 55. a4 Nc6 56. Rb3 Nb4 57. Bc2 Nxc2 58. Rxb6+ Re6 59.
Rb5 Rc6 60. Rxa5 Ne3 61. Ra8 Nxc4 62. a5 Nd6 63. Kg3 c4 64. Rb8 c3 65. Rb1 Ra6
66. Ra1 Ke6 67. Kf3 Kd5 68. Ke3 Kc4 0-1

[Event "CAN op"]
[Site "Hamilton CAN"]
[Date "2022.07.15"]
[Round "7.49"]
[White "Ali, Shafkat"]
[Black "Berengolts, Isaac"]
[Result "0-1"]
[WhiteElo "1619"]
[BlackElo "2042"]
[PlyCount "74"]
[EventDate "2022.07.12"]
[EventType "swiss"]
[EventRounds "9"]
[EventCountry "CAN"]

1. e4 c5 2. Nf3 g6 3. d4 cxd4 4. Nxd4 Nc6 5. Nc3 Nf6 6. Be3 Bg7 7. Be2 O-O 8.
O-O d6 9. f4 Ng4 10. Bxg4 Bxg4 11. Qxg4 Nxd4 12. Qd1 Nc6 13. Qd2 Qa5 14. a3
Rfc8 15. b4 Qd8 16. Rab1 Nxb4 17. e5 Nxc2 18. Qxc2 dxe5 19. Rb3 exf4 20. Rxf4
Bh6 21. Rf3 Bg7 22. h4 Rc4 23. Qd2 Qa5 24. Nd5 Qxd2 25. Bxd2 Rd8 26. Rfd3 Bd4+
27. Ne3 e5 28. Rxb7 Bxe3+ 29. Rxe3 Rxd2 30. Rxe5 Rg4 31. Re8+ Kg7 32. Ree7
Rgxg2+ 33. Kf1 Rdf2+ 34. Ke1 a5 35. Ra7 Rf5 36. Re4 Rh2 37. Ra4 Rb5 0-1

[Event "CAN op"]
[Site "Hamilton CAN"]
[Date "2022.07.15"]
[Round "7.50"]
[White "Parchizadeh, Ashkan"]
[Black "Richard, Leo"]
[Result "1/2-1/2"]
[WhiteElo "1608"]
[BlackElo "2014"]
[PlyCount "95"]
[EventDate "2022.07.12"]
[EventType "swiss"]
[EventRounds "9"]
[EventCountry "CAN"]

1. d4 Nf6 2. c4 e6 3. Nf3 Bb4+ 4. Bd2 a5 5. Nc3 b6 6. a3 Bxc3 7. Bxc3 Ne4 8.
Qc2 d5 9. e3 Nd7 10. cxd5 exd5 11. Bb5 Nd6 12. Bc6 Bb7 13. Bd2 Bxc6 14. Qxc6
O-O 15. Qxd5 Nf6 16. Qc6 Re8 17. Rc1 Rc8 18. O-O Nfe4 19. Rc2 Re6 20. Qd5 Rg6
21. b4 Qd7 22. Ne5 Qf5 23. f3 Nxd2 24. Rxd2 Re6 25. Qb3 c5 26. bxc5 bxc5 27.
dxc5 Qxe5 28. cxd6 Rc3 29. Qd1 Qxe3+ 30. Kh1 Rc8 31. d7 Rd8 32. Rc2 Qxa3 33.
Rc8 Qe7 34. Qd5 Ra6 35. Qb7 Rd6 36. Qc7 Qxd7 37. Rxd8+ Qxd8 38. Qxd8+ Rxd8 39.
Ra1 Ra8 40. Ra4 Kf8 41. Kg1 Ke7 42. Kf2 Kd6 43. Ke3 Kc5 44. Kd3 Kb5 45. Re4 a4
46. Kc2 a3 47. Kb1 a2+ 48. Ka1 1/2-1/2

[Event "CAN op"]
[Site "Hamilton CAN"]
[Date "2022.07.15"]
[Round "7.51"]
[White "Moses, Neil"]
[Black "Jiang, Kate"]
[Result "1/2-1/2"]
[WhiteElo "1578"]
[BlackElo "1982"]
[PlyCount "87"]
[EventDate "2022.07.12"]
[EventType "swiss"]
[EventRounds "9"]
[EventCountry "CAN"]

1. d4 d5 2. c4 c6 3. Nc3 Nf6 4. Bg5 e6 5. e3 Be7 6. Nf3 Nbd7 7. Bd3 dxc4 8.
Bxc4 b5 9. Bb3 a6 10. Qe2 O-O 11. Rd1 Qb6 12. O-O Bb7 13. Ne5 Qc7 14. Nxd7 Qxd7
15. e4 Qd8 16. Bxf6 Bxf6 17. e5 Be7 18. Ne4 Qb6 19. Qg4 Kh8 20. Rd3 Rfd8 21.
Rf3 Rf8 22. Rg3 Rg8 23. Rh3 h6 24. Nf6 Bxf6 25. exf6 c5 26. Qh5 Be4 27. fxg7+
Rxg7 28. Qxh6+ Rh7 29. Qf6+ Kg8 30. Rxh7 Bxh7 31. Re1 c4 32. Bd1 Qa5 33. Qg5+
Bg6 34. Kf1 Rd8 35. Bg4 Rd5 36. Qe3 Qd8 37. Qg3 Qd6 38. Qxd6 Rxd6 39. Rd1 Bd3+
40. Be2 Rxd4 41. Bxd3 cxd3 42. Ke1 e5 43. Kd2 e4 44. Ke3 1/2-1/2

[Event "CAN op"]
[Site "Hamilton CAN"]
[Date "2022.07.15"]
[Round "7.52"]
[White "Gaisinsky, Jacob"]
[Black "Li, Adam"]
[Result "1/2-1/2"]
[WhiteElo "1568"]
[BlackElo "1942"]
[PlyCount "102"]
[EventDate "2022.07.12"]
[EventType "swiss"]
[EventRounds "9"]
[EventCountry "CAN"]

1. e4 e5 2. Nf3 Nc6 3. Bc4 Nf6 4. Ng5 d5 5. exd5 b5 6. Bf1 Nxd5 7. Qf3 Qd7 8.
Bxb5 Bb7 9. c4 Ndb4 10. Ba4 Nd3+ 11. Kd1 O-O-O 12. Nc3 Nxc1 13. Kxc1 Qxd2+ 14.
Kb1 Qxg5 15. Bxc6 Qg6+ 16. Be4 Bxe4+ 17. Qxe4 Rd4 18. Qxg6 hxg6 19. b3 c6 20.
Kc2 Bb4 21. h3 Rhd8 22. Nb1 Re4 23. Nc3 Bxc3 24. Kxc3 Re2 25. Rhe1 Rxf2 26.
Rxe5 Rxg2 27. Kb4 Rd7 28. Kc5 Kc7 29. Rae1 Rxa2 30. Re7 Rad2 31. Re8 Rf2 32.
R8e7 Rf5+ 33. Kb4 a5+ 34. Ka4 Rxe7 35. Rxe7+ Kd6 36. Ra7 g5 37. c5+ Rxc5 38.
Rxf7 Ke5 39. Rxg7 Kf4 40. Rh7 Kg3 41. Rh5 Rb5 42. Ka3 g4 43. hxg4 Kxg4 44. Rh6
Rb6 45. Ka4 Ra6 46. Re6 Kf4 47. Rh6 Kg5 48. Re6 Kf5 49. Rh6 Kg4 50. Re6 Kf4 51.
Rh6 Kg4 1/2-1/2